000 00640nam a2200265Ia 4500
005 20260306153523.0
008 008 260114s9999 xx 000 0 eng d
020 _a9781139053822
037 _aEBOOK
040 _aCRL
040 _beng
040 _cCRL
041 _2eng
041 _aeng
084 _qCRL
100 _aAlgeo
_91125499
245 4 _aThe Cambridge History of the English LanguageVolume 6
250 _a1st Ed
260 _bCambridge University Press
260 _c2008
650 _aLinguistics
856 _uhttps://doi.org/10.1017/CHOL9780521264792
942 _cEBOOK
999 _c1703819
_d1703819